Metal detecting yes or no? (Record no. 109561)
[ view plain ]
| 000 -LEADER | |
|---|---|
| fixed length control field | 01111cad a22002415a 4500 |
| 001 - CONTROL NUMBER | |
| control field | E147458 |
| 008 - FIXED-LENGTH DATA ELEMENTS--GENERAL INFORMATION | |
| fixed length control field | 090513s2009 xxkao f 000 0 eng d |
| 020 ## - INTERNATIONAL STANDARD BOOK NUMBER | |
| International Standard Book Number | 9781849170079 |
| 035 ## - SYSTEM CONTROL NUMBER | |
| System control number | (Sirsi) u147458 |
| 041 0# - LANGUAGE CODE | |
| Language code of text/sound track or separate title | eng |
| 050 04 - LIBRARY OF CONGRESS CALL NUMBER | |
| Classification number | 913.031028 $2 18 |
| 110 2# - MAIN ENTRY--CORPORATE NAME | |
| Corporate name or jurisdiction name as entry element | Historic Scotland |
| 9 (RLIN) | 2914 |
| 245 00 - TITLE STATEMENT | |
| Title | Metal detecting yes or no? |
| Remainder of title | metal detecting, scheduled monuments and the law |
| Medium | [electronic resource] |
| 260 ## - PUBLICATION, DISTRIBUTION, ETC. | |
| Place of publication, distribution, etc. | Edinburgh |
| Name of publisher, distributor, etc. | Historic Scotland |
| Date of publication, distribution, etc. | [2009] |
| 520 ## - SUMMARY, ETC. | |
| Summary, etc. | Aimed at landowners, occupiers and managers of archaeological sites and monuments, as well as those undertaking metal detecting, this leaflet discusses the legal position and advises on safeguards to ensure that archaeological sites are protected. |
| 521 ## - TARGET AUDIENCE NOTE | |
| Target audience note | Introductory |
| 590 ## - LOCAL NOTE (RLIN) | |
| Local note | KA |
| 651 #4 - SUBJECT ADDED ENTRY--GEOGRAPHIC NAME | |
| Geographic name | Scotland |
| Chronological subdivision | 1999- |
| 690 ## - LOCAL SUBJECT ADDED ENTRY--TOPICAL TERM (OCLC, RLIN) | |
| Topical term or geographic name as entry element | BUILT ENVIRONMENT-BUILDING TYPES-ANCIENT MONUMENTS AND HISTORIC BUILDINGS |
| 690 ## - LOCAL SUBJECT ADDED ENTRY--TOPICAL TERM (OCLC, RLIN) | |
| Topical term or geographic name as entry element | Arts and antiques |
| 9 (RLIN) | 6217 |
| 856 40 - ELECTRONIC LOCATION AND ACCESS | |
| Uniform Resource Identifier | <a href="https://www.historic-scotland.gov.uk/publicationsresultsdetail.htm?id=4a0a1bed20">https://www.historic-scotland.gov.uk/publicationsresultsdetail.htm?id=4a0a1bed20</a> |
| Public note | View the leaflet free of charge at www.historic-scotland.gov.uk... |
| 942 ## - ADDED ENTRY ELEMENTS (KOHA) | |
| Suppress in OPAC | 0 |
| Withdrawn status | Lost status | Source of classification or shelving scheme | Damaged status | Not for loan | Home library | Current library | Shelving location | Date acquired | Total Checkouts | Full call number | Barcode | Date last seen | Copy number | Price effective from | Koha item type |
|---|---|---|---|---|---|---|---|---|---|---|---|---|---|---|---|
| Dewey Decimal Classification | Virtual | Virtual | Online | 13/05/2009 | ONLINE PUBLICATION | 147458-2001 | 06/08/2019 | 1 | 06/08/2019 | Book |